BIBLIOTECA

SENCICO

Tratado de construcción : Productos cerámicos : fabricación, aplicación, usos y precios de aplicación (Registro nro. 1753)

Detalles MARC
000 -LEADER
fixed length control field 00768nam a2200229Ia 4500
005 - DATE AND TIME OF LATEST TRANSACTION
control field 20251020182521.0
008 - FIXED-LENGTH DATA ELEMENTS--GENERAL INFORMATION
fixed length control field 200515s9999 xx 000 0 und d
082 ## - DEWEY DECIMAL CLASSIFICATION NUMBER
Classification number 69/S11/t2
100 ## - MAIN ENTRY--PERSONAL NAME
Personal name Saad, Antonio Miguel
245 #0 - TITLE STATEMENT
Title Tratado de construcción : Productos cerámicos : fabricación, aplicación, usos y precios de aplicación
260 ## - PUBLICATION, DISTRIBUTION, ETC.
Place of publication, distribution, etc. México, D.F.
260 ## - PUBLICATION, DISTRIBUTION, ETC.
Name of publisher, distributor, etc. Continental
260 ## - PUBLICATION, DISTRIBUTION, ETC.
Date of publication, distribution, etc. 1975
300 ## - PHYSICAL DESCRIPTION
Other physical details il.; tbls.
500 ## - GENERAL NOTE
General note 1 ejemplar
520 ## - SUMMARY, ETC.
Summary, etc. Estudio simple, pero completo de los precios de aplicación de cada elemento constructivo y los productos cerámicos en general y su aplicación dentro de la edificación
650 ## - SUBJECT ADDED ENTRY--TOPICAL TERM
Topical term or geographic name entry element CERAMICOS
650 ## - SUBJECT ADDED ENTRY--TOPICAL TERM
Topical term or geographic name entry element FABRICACION DE CERAMICOS
650 ## - SUBJECT ADDED ENTRY--TOPICAL TERM
Topical term or geographic name entry element LIB
942 ## - ADDED ENTRY ELEMENTS (KOHA)
Koha item type Libros
Existencias
Fecha de la última vez que lo usaron Pago total Signatura topográfica completa Código de barras Precio efectivo desde Tipo de documento Estado perdido Estado dañado No es para préstamo Retirado Ubicación permanente Ubicación actual Fecha de adquisición
15/05/2020   69/S11/t2 Bib-Lima15051753 15/05/2020 Libros         Biblioteca Central Lima Biblioteca Central Lima 15/05/2020